Prahou krok za krokem : uměleckohistorický průvodce městem /

Hlavní autor: Poche, Emanuel, 1903-1987
Jazyk: Čeština
Vydáno: Praha : Orbis, 1958
Vydání: 3., dopl. vyd.
Témata:
Externí odkaz: Digitalizovaný dokument
Fyzický popis: 262 s. : 1 plán
Knihy
Uloženo v:
LEADER 01147nam a2200301 i 4500
001 001410894
003 CZ BrMZK
005 20160122085339.0
007 ta
008 140812s1958 xr er|||||||||||cze d
015 |a cnb000622857 
035 |a (OCoLC)80838081 
040 |a ABD005  |b cze  |c ABD005  |d ABD005  |d ABD156  |d ABD065  |d BOA001 
072 7 |a 904  |x Kulturní památky historického období obecně  |2 Konspekt  |9 8 
080 |a 904  |x (437.311)  |2 MRF 
100 1 |a Poche, Emanuel,  |d 1903-1987  |7 jk01100335  |4 aut 
245 1 0 |a Prahou krok za krokem :  |b uměleckohistorický průvodce městem /  |c napsal Emanuel Poche 
250 |a 3., dopl. vyd. 
260 |a Praha :  |b Orbis,  |c 1958 
300 |a 262 s. :  |b 1 plán 
650 0 7 |a kulturní památky  |7 ph115033  |2 czenas 
655 7 |a průvodce  |7 fd133154  |2 czenas 
651 7 |a Praha (Česko)  |7 ge118011  |2 czenas 
856 4 1 |u http://www.digitalniknihovna.cz/mzk/uuid/uuid:0fa55f10-aa92-11e3-9d7d-005056827e51  |y Digitalizovaný dokument  |x NDK 
910 |a BOA001  |b 2-0408.468 
990 |a BK 
991 |b 201408 
996 6 |b 2610900035  |c 2-0408.468  |l MZK  |r Sklad / do 24 hodin  |n 0  |p dar  |w 001446028  |u 000020  |a 1  |e BOA001  |j MZK50  |s P